01419cam a22003375a 4500001000800000005001700008008004100025020001800066040002800084082001900112100002300131245013200154250002100286260004400307300004000351500002900391500002600420504003300446506004600479650004800525651001000573653002500583700004100608700003300649710003100682942000800713999001700721952011700738952011700855952010900972967622120161106142419.0101108s2014 ii a frbd 001 0 eng d z9788131727591 aUMIcUMIbengdEG-ScBUE04222a004.6bSUB1 aSubramanian, Mani.10aNetwork management :bprinciples and practice /cMani Subramanian ; with contributions from Timothy A. Gonsalves, N. Usha Rani. a11th impression. aNew Delhi :bDorling Kindersley,c2014. axxvi, [2], 695 p. :bill. ;c24 cm. aGlossary : p. [663]-671. aIndex : p. [683]-695. aBibliography : p. [673]-682. aAccess restricted by licensing agreement. 7aComputer networksxManagement.2BUEsh93818 2BUEsh bCOMSCIcNovember20161 aGonsalves, Timothy A.,econtributor.1 aUsha Rani, N.,econtributor.2 aSafari Books Online (Firm) 2ddc c23032d23004 00102ddc4070aMAINbMAINcLOWd2016-11-06ePurchaseg280.00l0o004.6 SUBp000033028r2025-07-15 00:00:00yNB 00102ddc4070aMAINbMAINcLOWd2016-11-06ePurchaseg280.00l0o004.6 SUBp000033027r2025-07-15 00:00:00yBB 00102ddc4070aMAINbMAINcLOWd2016-11-06ePurchasel0o004.6 SUBp000033026r2025-07-15 00:00:00yBB